<?xml version="1.0" encoding="UTF-8"?><?xml-stylesheet type="text/xsl" href="static/style.xsl"?><OAI-PMH xmlns="http://www.openarchives.org/OAI/2.0/" xmlns:xsi="http://www.w3.org/2001/XMLSchema-instance" xsi:schemaLocation="http://www.openarchives.org/OAI/2.0/ http://www.openarchives.org/OAI/2.0/OAI-PMH.xsd"><responseDate>2026-04-13T03:01:17Z</responseDate><request verb="GetRecord" identifier="oai:www.recercat.cat:10230/71709" metadataPrefix="marc">https://recercat.cat/oai/request</request><GetRecord><record><header><identifier>oai:recercat.cat:10230/71709</identifier><datestamp>2025-10-30T01:53:00Z</datestamp><setSpec>com_2072_6</setSpec><setSpec>col_2072_452952</setSpec></header><metadata><record xmlns="http://www.loc.gov/MARC21/slim" xmlns:dcterms="http://purl.org/dc/terms/" xmlns:xsi="http://www.w3.org/2001/XMLSchema-instance" xmlns:doc="http://www.lyncode.com/xoai" xsi:schemaLocation="http://www.loc.gov/MARC21/slim http://www.loc.gov/standards/marcxml/schema/MARC21slim.xsd">
   <leader>00925njm 22002777a 4500</leader>
   <datafield ind2=" " ind1=" " tag="042">
      <subfield code="a">dc</subfield>
   </datafield>
   <datafield ind2=" " ind1=" " tag="720">
      <subfield code="a">Parrilla-Gómez, Francisco José</subfield>
      <subfield code="e">author</subfield>
   </datafield>
   <datafield ind2=" " ind1=" " tag="720">
      <subfield code="a">Roche-Campo, Ferran</subfield>
      <subfield code="e">author</subfield>
   </datafield>
   <datafield ind2=" " ind1=" " tag="720">
      <subfield code="a">Italiano, Stefano</subfield>
      <subfield code="e">author</subfield>
   </datafield>
   <datafield ind2=" " ind1=" " tag="720">
      <subfield code="a">Parrilla-Gómez, Andrés</subfield>
      <subfield code="e">author</subfield>
   </datafield>
   <datafield ind2=" " ind1=" " tag="720">
      <subfield code="a">Morán, Indalecio</subfield>
      <subfield code="e">author</subfield>
   </datafield>
   <datafield ind2=" " ind1=" " tag="720">
      <subfield code="a">Mancebo, Jordi</subfield>
      <subfield code="e">author</subfield>
   </datafield>
   <datafield ind2=" " ind1=" " tag="720">
      <subfield code="a">Maraffi, Tommaso</subfield>
      <subfield code="e">author</subfield>
   </datafield>
   <datafield ind2=" " ind1=" " tag="260">
      <subfield code="c">2025-10-29T17:06:25Z</subfield>
   </datafield>
   <datafield ind2=" " ind1=" " tag="260">
      <subfield code="c">2025-10-29T17:06:25Z</subfield>
   </datafield>
   <datafield ind2=" " ind1=" " tag="260">
      <subfield code="c">2024</subfield>
   </datafield>
   <datafield ind2=" " ind1=" " tag="260">
      <subfield code="c">2025-10-29T17:06:25Z</subfield>
   </datafield>
   <datafield ind2=" " ind1=" " tag="520">
      <subfield code="a">Introduction: Weaning patients from mechanical ventilation is crucial in the management of acute respiratory failure (ARF). Spontaneous breathing trials (SBT) are used to assess readiness for extubation, but extubation failure remains a challenge. Diaphragmatic function, measured by electrical activity of the diaphragm (EAdi), may provide insights into weaning outcomes. Materials and methods: This prospective, observational study included difficult-to-wean patients undergoing invasive mechanical ventilation. EAdi was recorded before, during, and after extubation. Patients were categorized into extubation success and failure groups based on reintubation within 48 h. Statistical analysis assessed EAdi patterns and predictive value. Results: Thirty-one patients were analyzed, with six experiencing extubation failure. Overall, EAdi increased significantly between the phases before the SBT, the SBT and post-extubation period, up to 24 h (p &lt; 0.001). EAdi values were higher in the extubation failure group during SBT (p = 0.01). An EAdi > 30 μV during SBT predicted extubation failure with 92% sensitivity and 67% specificity. Multivariable analysis confirmed EAdi as an independent predictor of extubation failure. Conclusions: In difficult-to-wean patients, EAdi increases significantly between the phases before the SBT, the SBT and post-extubation period and is significantly higher in patients experiencing extubation failure. An EAdi > 30 μV during SBT may enhance extubation failure prediction compared to conventional parameters. Advanced monitoring of diaphragmatic function could improve weaning outcomes in critical care settings.</subfield>
   </datafield>
   <datafield ind1="8" ind2=" " tag="024">
      <subfield code="a">http://hdl.handle.net/10230/71709</subfield>
   </datafield>
   <datafield tag="653" ind2=" " ind1=" ">
      <subfield code="a">Weaning</subfield>
   </datafield>
   <datafield tag="653" ind2=" " ind1=" ">
      <subfield code="a">Extubation</subfield>
   </datafield>
   <datafield tag="653" ind2=" " ind1=" ">
      <subfield code="a">Electrical activity of the diaphragm</subfield>
   </datafield>
   <datafield tag="653" ind2=" " ind1=" ">
      <subfield code="a">Mechanical ventilation</subfield>
   </datafield>
   <datafield tag="653" ind2=" " ind1=" ">
      <subfield code="a">Spontaneous breathing trial</subfield>
   </datafield>
   <datafield ind2="0" ind1="0" tag="245">
      <subfield code="a">Time course of electrical activity of the diaphragm (EAdi) in the peri extubation period and its role as predictor of extubation failure in difficult to wean patients</subfield>
   </datafield>
</record></metadata></record></GetRecord></OAI-PMH>